00310nam a2200121Ia 4500008004100000041000800041082001200049100001700061245002800078260004100106300003000147365001100177240624s9999 xx 000 0 und d aeng a332 DAV aDAVIES DAVID aFINANCE FOR HR MANAGERS c2007aMumbaibJaico Publishing House aix, : 213 : p. : cm. ; 23 cRSb30